Рух національної єдности (З приводу Ювілейної конференції УНО Канади) (Запис № 426386)

МАРК-запис
000 -Лідер
fixed length control field 01001nam a22002657a 4500
001 - Контрольний номер
control field 46276
003 - Ідентифікатор контрольного номера
control field UA-OsUOA
005 - Дата та час останнього входження (трансакції)
control field 20260310174955.0
007 - Фіксоване поле фізичного опису
fixed length control field ta
008 - Елементи даних фіксованої довжини – загальна інформація
fixed length control field 20120207b un ||||| |||| 00| 0 ukr d
040 ## - Джерело каталогізації
Агенція оригінальної каталогізації UA-OsUOA
Мова каталогізації ukr
Агенція, яка здійснювала перезапис UA-OsUOA
Агенція, яка здійснювала модифікацію UA-OsUOA
041 ## - Код мови
Код мови тексту/ звукової доріжки чи окремого заголовка (П) ukr
080 ## - Індекс Універсальної десяткової класифікації
Індекс Універсальної десяткової класифікації (УДК) (НП) 94(477).152
090 ## - Локальний шифр розміщення
Класифікаційний індекс УДК 94(477).152
Авторський знак (НП) П12
100 ## - Основне введення – ім’я особи
Ім’я особи (НП) Павличенко Т. К.
9 (RLIN) 19394
245 ## - Відомості про назву
Назва (НП) Рух національної єдности (З приводу Ювілейної конференції УНО Канади)
Дані про відповідальність (НП) Т. К. Павличенко
260 ## - Публікація, розповсюдження і т.п. (Вихідні дані)
Місце публікації, розповсюдження і т.п. (П) Вінніпеґ
Дата публікації, розповсюдження і т.п. (П) 1952
Ім’я/ наймення видавництва, розповсюджувача і т.п. (П) Накладом Українського Національного Об'єднання Канади
300 ## - Фізичний опис
Обсяг 30 с.
490 ## - Область серії
Назва серії Самоосвіта
650 #7 - Додаткове предметне введення – тематичний термін
Тематичний термін чи географічна назва, як елемент введення (НП) 94(477).15 Українці за межами України
Джерело заголовка чи терміна UDC
9 (RLIN) 1446
942 ## - Додаткові елементи входу (Коха)
Тип елемента Koha Брошура
Source of classification or shelving scheme Universal Decimal Classification
955 ## - Код типу видання за змістом
Код типу видання за змістом (НП) Наукові видання
Фонди
Стан вилучень Стан втрат Джерело класифікації або схеми стелажів Стан уражень Не для кредиту Постійне місце розташування Поточне розміщення Дата придбання Джерело придбання Вартість, звичайна ціна покупки Інвентарний номер Усього замовленно Повний номер виклику Штрих-код Дата останнього перегляду Вартість, ціна заміни Ціна ефективна від Тип елемента Koha
    Universal Decimal Classification     Наукова бібліотека ІДУД Наукова бібліотека ІДУД 13/03/2025 №1/16.01.2025 (ІДУД) 1.00 300073   94(477).152 П12 300073 13/03/2025 1.00 13/03/2025 Брошура
    Universal Decimal Classification     Наукова бібліотека ІДУД Наукова бібліотека ІДУД 13/03/2025 №1/16.01.2025 (ІДУД) 1.00 300074   94(477).152 П12 300074 13/03/2025 1.00 13/03/2025 Брошура
    Universal Decimal Classification     Наукова бібліотека ІДУД Наукова бібліотека ІДУД 13/03/2025 №1/16.01.2025 (ІДУД) 1.00 300075   94(477).152 П12 300075 13/03/2025 1.00 13/03/2025 Брошура